000 00405cam5a220016900 4500
001 tmp15948532
003 UPRA
005 20190822105418.0
008 951115s1976 xx eng u
035 _a(Sirsi) r50655
035 _a(UPRA)tmp15948532
040 _cUPRA
245 0 0 _aWild life diseases.
260 _c1976.
949 _aSF997
_wlcc
_i-64072
_mMAIN
_p2950
_tBOOK
_lON-SHELF
004 50655
999 _c131188
_d131188